Мозаїка квадрів в'язничних (Запис № 371297)
[ простий вигляд ]
| 000 -LEADER | |
|---|---|
| fixed length control field | 00754nam a22002417a 4500 |
| 001 - CONTROL NUMBER | |
| control field | 84981 |
| 003 - CONTROL NUMBER IDENTIFIER | |
| control field | UA-OsUOA |
| 005 - DATE AND TIME OF LATEST TRANSACTION | |
| control field | 20210711125146.0 |
| 007 - PHYSICAL DESCRIPTION FIXED FIELD--GENERAL INFORMATION | |
| fixed length control field | ta |
| 008 - FIXED-LENGTH DATA ELEMENTS--GENERAL INFORMATION | |
| fixed length control field | 20120613b un ||||| |||| 00| 0 ukr d |
| 040 ## - CATALOGING SOURCE | |
| Original cataloging agency | UA-OsUOA |
| Language of cataloging | ukr |
| Transcribing agency | UA-OsUOA |
| Modifying agency | UA-OsUOA |
| 041 ## - LANGUAGE CODE | |
| Language code of text/sound track or separate title | ukr |
| 080 ## - UNIVERSAL DECIMAL CLASSIFICATION NUMBER | |
| Universal Decimal Classification number | 82-94 |
| 090 ## - LOCALLY ASSIGNED LC-TYPE CALL NUMBER (OCLC); LOCAL CALL NUMBER (OCLC) | |
| Classification number (OCLC) (R) ; Classification number, CALL (RLIN) (NR) | 82-94 |
| Local cutter number (OCLC) ; Book number/undivided call number, CALL (RLIN) | Б16 |
| 100 ## - MAIN ENTRY--PERSONAL NAME | |
| Personal name | Бажанський М. |
| 245 ## - TITLE STATEMENT | |
| Title | Мозаїка квадрів в'язничних |
| 260 ## - PUBLICATION, DISTRIBUTION, ETC. (IMPRINT) | |
| Date of publication, distribution, etc | 1946 |
| Place of publication, distribution, etc | Ашафенбург |
| Name of publisher, distributor, etc | Накладом Товариства політичних в'язнів |
| 300 ## - PHYSICAL DESCRIPTION | |
| Extent | 159 с. |
| 650 #7 - SUBJECT ADDED ENTRY--TOPICAL TERM | |
| Topical term or geographic name as entry element | 82 Література. Літературознавство |
| Source of heading or term | UDC |
| 942 ## - ADDED ENTRY ELEMENTS (KOHA) | |
| Koha item type | Книги |
| Source of classification or shelving scheme | Universal Decimal Classification |
| 955 ## - COPY-LEVEL INFORMATION (RLIN) | |
| Classification number, CCAL (RLIN) | Літературно-художні видання |
| Withdrawn status | Lost status | Source of classification or shelving scheme | Damaged status | Not for loan | Collection code | Home library | Current library | Date acquired | Source of acquisition | Cost, normal purchase price | Inventory number | Total Checkouts | Full call number | Barcode | Date last seen | Price effective from | Koha item type |
|---|---|---|---|---|---|---|---|---|---|---|---|---|---|---|---|---|---|
| Universal Decimal Classification | Колекція бібліотеки інституту Св. Івана | АБ - Абонемент НБ | АБ - Абонемент НБ | 13/06/2012 | 48/2012 | 3.00 | 139296 | 82-94 Б16 | 139296 | 11/02/2022 | 13/06/2012 | Книги | |||||
| Withdrawn | Universal Decimal Classification | АБ - Абонемент НБ | АБ - Абонемент НБ | 02/10/2012 | 58525 | 82-94 Б16 | 58525 | 13/07/2019 | 13/06/2012 | Книги | |||||||
| Withdrawn | Universal Decimal Classification | АБ - Абонемент НБ | АБ - Абонемент НБ | 25/09/2012 | 58526 | 82-94 Б16 | 58526 | 13/07/2019 | 13/06/2012 | Книги | |||||||
| Withdrawn | Universal Decimal Classification | АБ - Абонемент НБ | АБ - Абонемент НБ | 02/10/2012 | 58928 | 82-94 Б16 | 58928 | 13/07/2019 | 13/06/2012 | Книги | |||||||
| Universal Decimal Classification | Наукова бібліотека ІДУД | Наукова бібліотека ІДУД | 09/09/2014 | 311/2014 | 1.00 | 2137145 | 09.-82-94 Б16 | 2137145 | 14/09/2019 | 09/09/2014 | Книги | ||||||
| Universal Decimal Classification | Наукова бібліотека ІДУД | Наукова бібліотека ІДУД | 12/09/2014 | 311/2014 | 1.00 | 2137212 | 09.-82-94 Б16 | 2137212 | 14/09/2019 | 09/09/2014 | Книги | ||||||
| Universal Decimal Classification | Наукова бібліотека ІДУД | Наукова бібліотека ІДУД | 27/05/2015 | 310/2014 | 1.00 | 2137771 | 09-82-3 Б16 | 2137771 | 15/09/2019 | 27/05/2015 | Книги | ||||||
| Universal Decimal Classification | Колекція Центру дослідження імміграційної історії Міннесотського університету | Наукова бібліотека ІДУД | Наукова бібліотека ІДУД | 22/10/2015 | 322/2015 | 1.00 | 2138771 | 09-82-3 Б16 | 2138771 | 15/09/2019 | 27/05/2015 | Книги |